Statistics for main battle tanks of the world

Click here to take the quiz!

General Stats

  • This quiz has been taken 841 times
  • The average score is 45 of 112

Answer Stats

HintAnswer% Correct
Angola | Armenia | Bulgaria | +14 othersT-72
82%
UgandaT-90
82%
Belarus | Korea ST-80
74%
Kuwait | U.S.AM1A2
67%
C.A.R | Cambodia | Cape Verde | +18 othersT-55
62%
Oman | United KingdomChallenger 2
59%
LebanonLeopard 1
58%
Finland | PortugalLeopard 2A6
58%
Austria | Chile | Indonesia | +2 othersLeopard 2A4
56%
Denmark | PolandLeopard 2A5
53%
Afghanistan | Cuba | Korea NT-62
52%
France | U.A.ELeclerc
50%
ChinaType 99
38%
RussiaT-14 Armata
25%
ItalyAriete
24%
EgyptM1A1 abrams
24%
Australia | Iraq | moroccoM1A1 Abrams
24%
IsraelMerkava MK.4
19%
BrazilLeopard 1A5
18%
Bosnia | SloveniaM-84
16%
TurkeyLeopard 1A4
15%
Bahrain | Thailand | TunisiaM60A3
15%
AlgeriaT-90A
15%
JapanType 74
14%
Nigeria | QatarAMX-30
11%
TanzaniaType 59
9%
HungaryT-72M1
8%
PakistanAl-Khalid
7%
ZimbabweType 69
7%
ParaguayM4 Sherman
6%
EcuadorAMX-13
5%
Canada | GermanyLeopard 2A6M
5%
RomaniaTR-85
5%
IndiaArjun MBT
4%
MadagascarPT-76
4%
JordanChallenger MK.1
3%
SpainLeopard 2A6E
3%
GreeceLeopard 2A6 HEL
3%
MalaysiaPT-91M
3%
KenyaT-72AV
3%
Czech republicT-72M4 CZ
3%
UkraineT-80UD
3%
AzerbaijanT-90C
3%
SwedenLeopard Strv.122
2%
CroatiaM-84A4 Sniper
2%
BangladeshMBT 2000
2%
VenezuelaT-72M1M
2%
IranZulfiqar MBT
2%
CyprusAMX-30B2
1%
TaiwanCM11 Brave Tiger
1%
SwitzerlandLeopard Pz87
1%
South AfricaOlifant 1B
1%
BotswanaSK-105 kurassier
1%
Argentina | BoliviaSK-105 Kurassier
1%
GeorgiaT-72M1 SIM-1
1%
UruguayTI-67
1%

Score Distribution

Percentile by Number Answered

Percent of People with Each Score

Your Score History

You have not taken this quiz